000 00354nam a22001337a 4500
020 _a9789350141311
082 _a627.52
_bSAH/IR
100 _aSahasrabudhe, S R
_9148
245 _aIrrigation Engineering & Hydraulic Structures
260 _aNew Delhi
_bS K Kataria & Sons
_c2012
300 _a982
650 _aIrrigation Engineering
_9132
942 _cBK
999 _c14129
_d14129